000 00779nam a22001937a 4500
005 20260312161543.0
008 220621b ||||| |||| 00| 0 eng d
040 _cAL
041 _aKannada
082 _223
_aK894.9
_bSHES
100 _aS Jayarama Shetty
_9258678
100 _aಎಸ್ ಜಯರಾಮ ಶೆಟ್ಟಿ
_9258679
245 _aSiri Kadike: Jagatika Buntra Sammelana Smarana Sanchike 2002
_b ಸಿರಿ ಕದಿಕೆ: ಜಾಗತಿಕ ಬಂಟರ ಸಮ್ಮೇಳನ ಸ್ಮರಣ ಸಂಚಿಕೆ 2002
260 _aMangalore
_bBuntara Yane Nadavara Mathra Sangha
_c2002
300 _a289 p.
_bPB
_c28x22 cm.
650 _aJagatika Buntra Sammelana Smarana Sanchike
_944234
700 _aShetty (S Jayarama ) Ed
_944235
942 _2ddc
_cGF
999 _c223429
_d223429